Statistiques concernant Trouve les paroles - Juste une photo de toi - M.Pokora

Cliquez ici pour prendre le quiz!

Statistiques générales

  • Ce quiz a été pris 81 fois
  • Le résultat moyen est 310 sur 388

Statistiques - réponses

Réponse% Correct
de
96%
juste
96%
Juste
96%
photo
96%
toi
96%
un
96%
une
94%
ce
92%
me
92%
a
88%
à
88%
ces
88%
la
88%
La
88%
88%
que
88%
tout
88%
Tout
88%
tu
88%
c'est
87%
je
87%
Je
87%
le
87%
Le
87%
Et
85%
et
85%
reste
85%
en
83%
qui
83%
ma
81%
qu'il
81%
pour
77%
Pour
77%
si
77%
Si
77%
te
77%
laisses
75%
moi
75%
on
75%
se
75%
arrière
73%
es
73%
fais
73%
j'ai
73%
J'ai
73%
les
73%
pas
73%
ne
71%
Qu'on
71%
t'es
71%
Au
69%
des
69%
69%
faisait
67%
flash-back
67%
revenait
67%
aussi
65%
Parce
65%
partie
65%
plus
65%
rappeler
65%
vite
65%
vrac
65%
arrivée
63%
avec
63%
bout
63%
il
63%
jouais
63%
jour
63%
Maintenant
63%
63%
t'en
63%
vu
63%
allée
62%
ça
62%
t'ai
62%
tous
62%
veux
62%
dérape
60%
ensemble
60%
Mais
60%
mon
60%
poussière
60%
rencontré
60%
rien
60%
souvenirs
60%
c'que
58%
final
58%
J'aurais
58%
l'air
58%
musique
58%
paroles
58%
quand
58%
redevenir
58%
regarder
58%
resterai
58%
rideau
58%
s'arrête
58%
baisse
56%
étais
56%
faire
56%
j'en
56%
jusqu'à
56%
l'coeur
56%
lumières
56%
reine
56%
applaudissements
54%
cette
54%
ciel
54%
disparaît
54%
fait
54%
jeu
54%
maudis
54%
n'était
54%
d'échec
52%
dont
52%
m'disais
52%
Même
52%
n'y
52%
s'éteignent
52%
terre
52%
t'oublier
52%
histoire
50%
pourront
50%
qu'est-ce
50%
Toute
50%
j'étais
48%
perdu
48%
prêt
48%
remuer
48%
t'as
48%
bataille
44%
sourire
44%

Distribution des résultats

Percentile par nombre de réponses

% des personnes avec chaque résultat

Votre développement - résultats

Vous n’avez pas pris ce quiz